| 000 | 00852nam0a22002531 4500 | ||
|---|---|---|---|
| 001 | rc\1028639 | ||
| 005 | 20250622083514.0 | ||
| 035 | _a(NLR Aleph) 006192591 | ||
| 090 |
_a6182095 _c6182095 |
||
| 100 | _a20041129d1981 |||y0rusy50 ca | ||
| 101 | 0 | _arus | |
| 102 | _aRU | ||
| 105 | _ay ||||||||| | ||
| 200 | 1 | _aВходной язык системы генерации программ обработки фильмовой информации | |
| 210 |
_aДубна _cОИЯИ _d1981 |
||
| 215 |
_a9 с. _d22 |
||
| 225 | 1 |
_aСообщения Объединенного института ядерных исследований _vР10-81-361 |
|
| 320 | _aБиблиогр.: с. 9 (13 назв.) | ||
| 700 | 1 |
_aСтриж _bТ.А. |
|
| 801 | 0 |
_aRU _bNLR _gpsbo |
|
| 801 | 1 |
_aRU _bELAR _2rusmarc |
|
| 852 |
_aNLR _j82-6/587 |
||
| 942 | _cBOOK | ||
| 980 | _aNB | ||